000 004560000a22001690004500
003 LK-CoMWRAF
008 230817t ||||| |||| 00| 0 eng d
040 _aLK-CoMWRAF
_dLK-CoMWRAF
_eLK-CoMWRAF
041 _aeng
082 _a180
_bWAD
100 _aWadud, Amina
245 _aWomen in the Qur'an
_bthe absence of sex-role sterotyping in the text
260 _aMichigan
_pUni.Mitchigan
_c1988
300 _ap.204
650 _aWomen & Islam
942 _cBK
999 _c2470
_d2470